000 00508nam a2200181 i 4500
001 58885
003 ES-MaACL
005 20230906163918.0
007 t|
008 031024s1960 sp ||||1| spa d
245 0 0 _aElementos de dibujo arquitectónico.
250 _a1ª ed.
260 _aMadrid :
_b[s.n.,
_c1960] (
_fNebreda)
300 _a22 p. ;
_c22 cm.
500 _aPrecede al tit.: Escuelas Internacionales.
710 2 _aEscuelas Internacionales.
_93618
852 _aES-MaACL
_j2017-F-17
_bR.45878
999 _c58885
_d58885